000 00305nam a22001217a 4500
040 _cSY
082 _a630
100 _aFAO
245 _aផែនការសកម្មភាពជាតិឧត្តសិក្សាកសិកម្ម
260 _aNA
_bFAO
_c1999
300 _a314p.
942 _cKB
999 _c9803
_d9803